Much obliged (Record no. 83628)

MARC details
000 -LEADER
fixed length control field 00877cab a22002535a 4500
001 - CONTROL NUMBER
control field L154460
008 - FIXED-LENGTH DATA ELEMENTS--GENERAL INFORMATION
fixed length control field 111209e20111203xxk 000 0 eng d
035 ## - SYSTEM CONTROL NUMBER
System control number (Sirsi) u154460
041 0# - LANGUAGE CODE
Language code of text/sound track or separate title eng
100 1# - MAIN ENTRY--PERSONAL NAME
Personal name Adamson, Theresa
245 00 - TITLE STATEMENT
Title Much obliged
260 ## - PUBLICATION, DISTRIBUTION, ETC.
Date of publication, distribution, etc. 2011
490 ## - SERIES STATEMENT
Series statement Estates Gazette
Volume/sequential designation (1148) 3 December 2011, 82-83(2)
520 ## - SUMMARY, ETC.
Summary, etc. Highlights differences between guarantees and indemnities with reference to case law.
590 ## - LOCAL NOTE (RLIN)
Local note KA
650 24 - SUBJECT ADDED ENTRY--TOPICAL TERM
Topical term or geographic name entry element ACTIONSTRENGTH LTD (T/A VITAL RESOURCES) V INTERNATIONAL GLASS ENGINEERING
650 24 - SUBJECT ADDED ENTRY--TOPICAL TERM
Topical term or geographic name entry element HOWARD DE WALDEN ESTATES V PASTAL PLACE LTD
650 24 - SUBJECT ADDED ENTRY--TOPICAL TERM
Topical term or geographic name entry element BEARDSLEY THEOBALDS RETIREMENT BENEFIT SCHEME TRUSTEES V YARDLEY
650 24 - SUBJECT ADDED ENTRY--TOPICAL TERM
Topical term or geographic name entry element HINDCASTLE LTD V BARBARA ATTENBOROUGH ASSOCIATES LTD
651 #4 - SUBJECT ADDED ENTRY--GEOGRAPHIC NAME
Geographic name UNITED KINGDOM
690 ## - LOCAL SUBJECT ADDED ENTRY--TOPICAL TERM (OCLC, RLIN)
Topical term or geographic name as entry element PROPERTY-LANDLORD AND TENANT
700 1# - ADDED ENTRY--PERSONAL NAME
Personal name Stirling, Katie
942 ## - ADDED ENTRY ELEMENTS (KOHA)
Suppress in OPAC 0
Holdings
Withdrawn status Lost status Source of classification or shelving scheme Damaged status Not for loan Home library Current library Shelving location Date acquired Total Checkouts Full call number Barcode Date last seen Copy number Price effective from Koha item type
    Dewey Decimal Classification     London London Journal article 09/12/2011   L154460 154460-1001 06/08/2019 1 06/08/2019 Journal article